Estudios sobre el Bolívar de Madariaga

Wedi'i Gadw mewn:
Manylion Llyfryddiaeth
Prif Awduron: Belaunde, Víctor Andrés (Awdur), Pastor Benítez, Justo (Awdur), Cuevas Cancino, Francisco (Awdur), DonoSo, Ricardo (Awdur), Fausto Fernández, Julio (Awdur), Porras Troconis, Gabriel (Awdur)
Fformat: Llyfr
Iaith:Sbaeneg
Cyhoeddwyd: Caracas Publicaciones de la Sociedad Bolivariana de Venezuela 1967
Pynciau:
Tagiau: Ychwanegu Tag
Dim Tagiau, Byddwch y cyntaf i dagio'r cofnod hwn!

MARC

LEADER 00000nam a2200000 a 4500
001 UCP8330
003 CL-VaPUC
008 000114e19670000VE |||||||||||||||||spa|d
082 0 4 |a Ve864  |b BEL  |2 21 
100 |a Belaunde, Víctor Andrés  |e author  |9 438243 
700 0 |a Pastor Benítez, Justo  |e author  |9 438244 
700 0 |a Cuevas Cancino, Francisco  |e author  |9 438245 
700 0 |a DonoSo, Ricardo  |e author  |9 438246 
700 0 |a Fausto Fernández, Julio  |e author  |9 438247 
700 0 |a Porras Troconis, Gabriel  |e author  |9 438248 
245 1 0 |a Estudios sobre el Bolívar de Madariaga 
300 |a 329 p 
942 |c BK 
945 |d 20000114 00:00:00  |a rherrera 
260 |a Caracas  |b Publicaciones de la Sociedad Bolivariana de Venezuela  |c 1967 
600 0 |a Bolívar, Simón   |d 1783-1830  |9 265422 
650 0 |a Literatura venezolana   |9 348916 
650 0 |a Ensayos  |9 268724 
650 0 |a Americanismo  |9 344267 
651 0 |a Venezuela  |9 254993 
583 |a last modification  |c 20000114 00:00:00  |k Rodrigo Vera 
999 |c 285262  |d 285260 
952 |0 0  |1 0  |4 0  |6 VE_864_000000000000000_BEL_1967  |7 0  |8 A  |9 329727  |a BIBHIS  |b BIBHIS  |d 2019-11-20  |i 137561K  |o Ve864 BEL 1967  |p 137561K  |r 2025-01-20  |w 2019-11-20  |y BK  |k HIS